Oscar-Winning Comic Book Actors - Statistics

General Stats
  • This quiz has been taken 361 times
    17 since last reset
  • The average score is 37 of 78
Answer Stats
Role Movie(s) Actor % Correct
Batman, Gorr the God Butcher The Dark Knight trilogy, Thor: Love and Thunder Christian Bale
92%
Storm, Catwoman X-Men franchise, Catwoman Halle Berry
83%
Daredevil, Batman Daredevil, Batman v Superman: Dawn of Justice Ben Affleck
75%
Evey Hammond, Mighty Thor (Jane Foster) V for Vendetta, Thor franchise Natalie Portman
75%
Iron Man, Doctor Doom Iron Man franchise / The Avengers franchise Robert Downey Jr.
75%
Thena Eternals Angelina Jolie
67%
Catwoman The Dark Knight Rises Anne Hathaway
67%
Hela Thor: Ragnarok Cate Blanchett
67%
Scarecrow The Dark Knight trilogy Cillian Murphy
67%
Batman Batman and Robin George Clooney
67%
Joker The Dark Knight Heath Ledger
67%
Joker (Arthur Fleck) Joker, Joker: Folie à Deux Joaquin Phoenix
67%
Ghost Rider, Superman (voice), Spider-Man Noir (voice) Ghost Rider, Teen Titans Go! To the Movies, Spider-Man: Into the Spider-Verse Nicolas Cage
67%
Odin Thor trilogy Anthony Hopkins
58%
Commissioner Gordon The Dark Knight trilogy Gary Oldman
58%
Lex Luthor Superman franchise (1978-1987) Gene Hackman
58%
Pepper Potts Iron Man franchise / The Avengers franchise Gwyneth Paltrow
58%
Joker (Jack Napier) Batman (1989) Jack Nicholson
58%
Electro The Amazing Spider-Man 2 / Spider-Man: No Way Home Jamie Foxx
58%
Mystique X-Men franchise Jennifer Lawrence
58%
Vicki Vale Batman (1989) Kim Basinger
58%
Harley Quinn Joker: Folie à Deux Lady Gaga
58%
Loki actor, Redneck #2 (both cameos) Thor: Ragnarok / Thor: Love and Thunder, Deadpool 2 Matt Damon
58%
Cyborg (voice), Human Torch, Erik Killmonger Justice League: The Flashpoint Paradox, Fantastic Four (2015), Black Panther Michael B. Jordan
58%
Alfred Pennyworth The Dark Knight trilogy Michael Caine
58%
Ant-Man (Hank Pym) Ant-Man trilogy / Avengers: Endgame Michael Douglas
58%
Lucius Fox The Dark Knight trilogy Morgan Freeman
58%
Justin Hammer Iron Man 2 Sam Rockwell
58%
Two-Face, Chester Phillips Batman Forever, Captain America: The First Avenger Tommy Lee Jones
58%
Mandarin (Trevor Slattery) Iron Man 3 / Shang-Chi and the Legend of the Ten Rings Ben Kingsley
50%
Captain Marvel (Carol Danvers) Captain Marvel / Avengers: Endgame / The Marvels Brie Larson
50%
W'Kabi, Spider-Punk (voice) Black Panther, Spider-Man: Across the Spider-Verse Daniel Kaluuya
50%
Zuri Black Panther Forest Whitaker
50%
Iron Monger Iron Man Jeff Bridges
50%
Alfred Pennyworth Batman v Superman: Dawn of Justice / Justice League Jeremy Irons
50%
Malice (Nakia) Black Panther / Black Panther: Wakanda Forever Lupita Nyong'o
50%
Prowler (voice), Blade (voice) Spider-Man: Into the Spider-Verse, Eternals Mahershala Ali
50%
Miranda Tate (Talia al Ghul) The Dark Knight Rises Marion Cotillard
50%
May Parker Captain America: Civil War / Spider-Man MCU trilogy Marisa Tomei
50%
Alexander Pierce Captain America: The Winter Soldier / Avengers: Endgame Robert Redford
50%
May Parker The Amazing Spider-Man / The Amazing Spider-Man 2 Sally Field
50%
Amanda Waller Suicide Squad / The Suicide Squad Viola Davis
50%
Deadshot Suicide Squad Will Smith
50%
Aisha, Gamora The Losers, Guardians of the Galaxy / Avengers: Infinity War Zoe Saldaña
50%
Rogue X-Men franchise Anna Paquin
42%
Collector Thor: The Dark World / Guardians of the Galaxy / Avengers: Infinity War Benicio del Toro
42%
Vanisher (cameo) Deadpool 2 Brad Pitt
42%
Max Shreck Batman Returns Christopher Walken
42%
Gwen Stacy The Amazing Spider-Man / The Amazing Spider-Man 2 Emma Stone
42%
Joker, Morbius the Living Vampire Suicide Squad, Morbius Jared Leto
42%
J. Jonah Jameson, Commissioner Gordon Spider-Man trilogy / Spider-Man: No Way Home, Justice League J.K. Simmons
42%
Jor-El Superman (1978) Marlon Brando
42%
Dr. Chase Meridian, Atlanna Batman Forever, Aquaman / Aquaman and the Lost Kingdom Nicole Kidman
42%
Riot (Carlton Drake) Venom Riz Ahmed
42%
Murray Franklin Joker Robert De Niro
42%
Jor-El, Zeus, Nikolai Kravinoff Man of Steel, Thor: Love and Thunder, Kraven the Hunter Russell Crowe
42%
Thunderbolt Ross The Incredible Hulk / Captain America: Civil War / Black Widow William Hurt
42%
Selena Supergirl (1984) Faye Dunaway
33%
Aleta Ogord, Ying Nan Guardians of the Galaxy Vol. 2, Shang-Chi and the Legend of the Ten Rings Michelle Yeoh
33%
Angela & Isabel Dodson, Black Widow (Melina) Constantine, Black Widow Rachel Weisz
33%
Thomas Kalmaku, Korg, Ratcatcher Green Lantern, Thor: Ragnarok, The Suicide Squad Taika Waititi
33%
Gabriel, Ancient One Constantine, Doctor Strange Tilda Swinton
33%
Tomar-Re (voice) Green Lantern Geoffrey Rush
25%
Hespera Shazam! Fury of the Gods Helen Mirren
25%
Betty Ross, Karen (Spider-Man's Suit AI) Hulk, Spider-Man: Homecoming Jennifer Connelly
25%
Vuk / Margaret Smith Dark Phoenix Jessica Chastain
25%
Karathen (voice) Aquaman Julie Andrews
25%
Jonathan Kent Man of Steel, Batman v Superman: Dawn of Justice Kevin Costner
25%
Lex Luthor Superman Returns Kevin Spacey
25%
Cowboypool (voice cameo) Deadpool & Wolverine Matthew McConaughey
25%
Thinker The Suicide Squad Peter Capaldi
25%
Phil Blumburtt, Robert Hammond Howard the Duck, Green Lantern Tim Robbins
25%
Calypso Kraven the Hunter Ariana DeBose
17%
Ben Parker Spider-Man trilogy Cliff Robertson
17%
Martha Kent Superman Returns Eva Marie Saint
17%
Jean Pierre Dubois Superman IV: The Quest for Peace Jim Broadbent
17%
Asgardian Distress Caller (voice cameo) Avengers: Infinity War Kenneth Branagh
17%
Victoria Kord Blue Beetle Susan Sarandon
17%
No matching quizzes found
Score Distribution
Percent of People with Each Score
Percentile by Number Answered
Your Score History
You have not taken this quiz since the last reset